Obras completas. (Record no. 142932)

MARC details
000 -LEADER
campo de control de longitud fija 00573nam a2200157 i 4500
001 - NÚMERO DE CONTROL
campo de control 142932
003 - IDENTIFICADOR DE NÚMERO DE CONTROL
campo de control ES-MaACL
007 - CAMPO FIJO DE DESCRIPCIÓN FÍSICA--INFORMACIÓN GENERAL
campo de control de longitud fija t|
008 - DATOS DE LONGITUD FIJA--INFORMACIÓN GENERAL
campo de control de longitud fija 071011s1975 sp ||||1| spa d
100 1# - ENTRADA PRINCIPAL--NOMBRE DE PERSONA
Nombre de persona Vicente de Paúl
Títulos y otros términos asociados al nombre Santo.
9 (RLIN) 114354
245 10 - MENCIÓN DEL TÍTULO
Título Obras completas.
Número de parte o sección de la obra , . Tomo IX,
Nombre de parte o sección de la obra Conferencias 2. Conferencias a las Hijas de la Caridad, julio 1654-27 de agosto 1660 /
Mención de responsabilidad, etc. San Vicente de Paúl ; [tradujo: A. Ortiz García].
260 ## - PUBLICACIÓN, DISTRIBUCIÓN, ETC.
Lugar de publicación, distribución, etc. Salamanca :
Nombre del editor, distribuidor, etc. Sígueme,
Fecha de publicación, distribución, etc. 1975.
300 ## - DESCRIPCIÓN FÍSICA
Extensión 1313 p. ;
Dimensiones 22 cm.
700 1# - ENTRADA AGREGADA--NOMBRE PERSONAL
Nombre de persona Ortiz García, A.
9 (RLIN) 87617
852 ## - LOCALIZACIÓN
Ubicación ES-MaACL
Número de control de estantería E-8897
Sublocalización o colección R.93337
Holdings
Estatus retirado Estado de pérdida Estado de daño No para préstamo Biblioteca de origen Biblioteca actual Ubicación en estantería Fecha de adquisición Fuente de adquisición Total de préstamos Signatura topográfica completa Código de barras Visto por última vez Precio de reemplazo Tipo de ítem Koha
        Biblioteca del Ateneo de Madrid Biblioteca del Ateneo de Madrid Depósito 2 17/01/2008     E-8897 1148714 23/02/2023 23/02/2023 Libro impreso